00508nam a2200145Ia 4500008004100000082001600041100002500057245002800082260005300110300001500163600001500178942000700193952014500200999001700345250604s9999 xx 000 0 und d a891.439 SIR aSiraj, Naseema Binte 0aBecharey (بیچارے) aKarachi:bKhawaja Printers and Publishers,c2005 axii, 240p. aLiterature cGB 00104070aUITUbUITUcGIFd2025-06-04eGifted by Anonymousl0o891.439 SIRpG224r2025-06-04 16:03:08w2025-06-04yGBzGifted by Anonymous c31391d31391